Vishnu dharmottara mahapuranam: Prathama khanda bhaga 2 (Record no. 143215)

MARC details
000 -LEADER
fixed length control field 00868nam a2200277Ia 4500
003 - CONTROL NUMBER IDENTIFIER
control field OSt
005 - DATE AND TIME OF LATEST TRANSACTION
control field 20250806093610.0
008 - FIXED-LENGTH DATA ELEMENTS--GENERAL INFORMATION
fixed length control field 210210b1945 xxu||||| |||| 00| 0 eng d
040 ## - CATALOGING SOURCE
Transcribing agency AL
041 ## - LANGUAGE CODE
Language code of text/sound track or separate title Kannada
082 ## - DEWEY DECIMAL CLASSIFICATION NUMBER
Classification number 852/539
100 ## - MAIN ENTRY--PERSONAL NAME
Personal name VENKATARAMANA SHASTRI
Dates associated with a name ವೆಂಕಟರಮಣ ಶಾಸ್ತ್ರಿ tr
9 (RLIN) 234105
245 ## - TITLE STATEMENT
Title Vishnu dharmottara mahapuranam: Prathama khanda bhaga 2
Remainder of title ವಿಷ್ಣು ಧರ್ಮೋತ್ತರ ಮಹಾಪುರಾಣಂ: ಪ್ರಥಮ ಖಂಡ
260 ## - PUBLICATION, DISTRIBUTION, ETC.
Place of publication, distribution, etc. MaisUru
Name of publisher, distributor, etc. -
Date of publication, distribution, etc. 1945
440 ## - SERIES STATEMENT/ADDED ENTRY--TITLE
Title 2
9 (RLIN) 234106
650 ## - SUBJECT ADDED ENTRY--TOPICAL TERM
Topical term or geographic name entry element VishNu
9 (RLIN) 234107
650 ## - SUBJECT ADDED ENTRY--TOPICAL TERM
Topical term or geographic name entry element Prathama
9 (RLIN) 234108
650 ## - SUBJECT ADDED ENTRY--TOPICAL TERM
Topical term or geographic name entry element mahapuraNam:
9 (RLIN) 234109
650 ## - SUBJECT ADDED ENTRY--TOPICAL TERM
Topical term or geographic name entry element khanDa
9 (RLIN) 234110
650 ## - SUBJECT ADDED ENTRY--TOPICAL TERM
Topical term or geographic name entry element dharmottara
9 (RLIN) 234111
650 ## - SUBJECT ADDED ENTRY--TOPICAL TERM
Topical term or geographic name entry element bhaga
9 (RLIN) 234112
650 ## - SUBJECT ADDED ENTRY--TOPICAL TERM
Topical term or geographic name entry element 2
9 (RLIN) 234113
690 ## - LOCAL SUBJECT ADDED ENTRY--TOPICAL TERM (OCLC, RLIN)
Topical term or geographic name as entry element Kannada Prose
9 (RLIN) 234114
906 ## - LOCAL DATA ELEMENT F, LDF (RLIN)
a 019105
942 ## - ADDED ENTRY ELEMENTS (KOHA)
Source of classification or shelving scheme Dewey Decimal Classification
Koha item type Book
Holdings
Withdrawn status Lost status Source of classification or shelving scheme Damaged status Not for loan Collection code Home library Current library Shelving location Date acquired Cost, normal purchase price Total Checkouts Full call number Barcode Date last seen Price effective from Koha item type
    Dewey Decimal Classification     Kannada St Aloysius Library St Aloysius Library   02/17/2021 0.00   852/539 019105 02/17/2021 02/17/2021 Book